000 00353nam a2200133Ia 4500
008 151015s9999 xx 000 0 und d
020 _a8131200485
050 _aQA276.R684 2005
245 _aRose M. Sheldon
250 _a_Introductory Statistics (2nd ed )
500 _aIncludes Index
650 _a_Statistics
700 _a^d20110117 03:33:41^okorir
999 _c767
_d767